Membros da BRICS - Statistics

Estatísticas Gerais
  • Esse quiz foi jogado 334 vezes
  • A pontuação média é 4 de 5
Estatísticas das Respostas
Letra País % Correto
B Brasil
99%
R Rússia
97%
I Índia
92%
C China
86%
S (Do inglês) África do Sul
64%
Nenhum quiz correspondente encontrado
Distribuição das Pontuações
Porcentagem de Pessoas com Cada Pontuação
Percentil de Números Respondidos
Sua Pontuação Histórica
Você não jogou esse quiz